LEADER 02624nam 2200637Ia 450 001 9910458361803321 005 20200520144314.0 010 $a1-280-52676-9 010 $a0-19-535965-8 010 $a1-4294-0120-6 035 $a(CKB)1000000000402242 035 $a(EBL)271018 035 $a(OCoLC)191952811 035 $a(SSID)ssj0000106307 035 $a(PQKBManifestationID)11132843 035 $a(PQKBTitleCode)TC0000106307 035 $a(PQKBWorkID)10109477 035 $a(PQKB)10436593 035 $a(MiAaPQ)EBC271018 035 $a(Au-PeEL)EBL271018 035 $a(CaPaEBR)ebr10142177 035 $a(CaONFJC)MIL52676 035 $a(OCoLC)936849289 035 $a(EXLCZ)991000000000402242 100 $a19921007d1993 uy 0 101 0 $aeng 135 $aur|n|---||||| 181 $ctxt 182 $cc 183 $acr 200 10$aAscent to heaven in Jewish and Christian apocalypses$b[electronic resource] /$fMartha Himmelfarb 210 $aNew York $cOxford University Press$d1993 215 $a1 online resource (184 p.) 300 $aDescription based upon print version of record. 311 $a0-19-508203-6 320 $aIncludes bibliographical references (p. 151-161) and index. 327 $aContents; Abbreviations; Introduction; 1. From Ezekiel to the Book of the Watchers; 2. Heavenly Ascent and Priestly Investiture; 3. Transformation and the Righteous Dead; 4. The Secrets of Nature, Primeval History, and the Order of the Cosmos; 5. The Apocalypses as Writing; Notes; Bibliography; Index; A; B; C; D; E; F; G; H; I; J; K; L; M; N; O; P; Q; R; S; T; U; V; W; Y; Z 330 $aThis is a comparative study of the ancient Jewish and Christian views of the ascent into heaven. It places the ascent narratives in their cultural and historical context, and explores their relationship to the canonical apocalypses and to other Graeco-Roman literature of ascent and divinization. 606 $aApocalyptic literature$xHistory and criticism 606 $aVoyages to the otherworld in literature 606 $aHeaven 606 $aAngels in literature 608 $aElectronic books. 615 0$aApocalyptic literature$xHistory and criticism. 615 0$aVoyages to the otherworld in literature. 615 0$aHeaven. 615 0$aAngels in literature. 676 $a229/.913 700 $aHimmelfarb$b Martha$f1952-$0772854 801 0$bMiAaPQ 801 1$bMiAaPQ 801 2$bMiAaPQ 906 $aBOOK 912 $a9910458361803321 996 $aAscent to Heaven in Jewish and Christian Apocalypses$91729485 997 $aUNINA LEADER 01775oam 22005775 450 001 9910780111603321 005 20200520144314.0 010 $a1-280-08667-X 010 $a9786610086672 010 $a0-585-46621-1 024 7 $a10.1596/0-1952-1600-8 035 $a(CKB)111087026784820 035 $a(SSID)ssj0000089308 035 $a(PQKBManifestationID)11121785 035 $a(PQKBTitleCode)TC0000089308 035 $a(PQKBWorkID)10089046 035 $a(PQKB)10534955 035 $a(MiAaPQ)EBC3050562 035 $a(Au-PeEL)EBL3050562 035 $a(CaPaEBR)ebr10038986 035 $a(CaONFJC)MIL8667 035 $a(OCoLC)53385270 035 $a(The World Bank)00051329 035 $a(US-djbf)12205654 035 $a(EXLCZ)99111087026784820 100 $a20001019d2001 uy 0 101 0 $aeng 135 $aurcn||||||||| 181 $ctxt$2rdacontent 182 $cc$2rdamedia 183 $acr$2rdacarrier 200 00$aRethinking the East Asia miracle /$fJoseph E. Stiglitz and Shahid Yusuf, editors 210 1$aWashington, D.C. :$cWorld Bank ;$aNew York :$cOxford University Press,$dc2001. 215 $ax, 526 pages $cillustrations ;$d24 cm 300 $aBibliographic Level Mode of Issuance: Monograph 311 $a0-19-521600-8 320 $aIncludes bibliographical references. 410 0$aWorld Bank e-Library. 606 $aFinance$zEast Asia 607 $aEast Asia$xEconomic conditions 615 0$aFinance 676 $a330.95/0429 701 $aStiglitz$b Joseph E$0303847 701 $aYusuf$b Shahid$f1949-$0127446 801 0$bDLC 801 1$bDLC 801 2$bDLC 906 $aBOOK 912 $a9910780111603321 996 $aRethinking the East Asia miracle$93731825 997 $aUNINA